Footballeurs par lettre E - Statistiques

Statistiques générales
  • Ce quiz a été pris 161 fois
  • Le résultat moyen est 10 sur 18
Statistiques - réponses
Par images Réponse % Correct
Eder
98%
Eusebio
94%
Eto'o
93%
Ederson
92%
Evra
90%
Ekambi
74%
El shaarawy
66%
Embolo
66%
Endo
57%
Elneny
52%
Emerson
52%
Enyeama
46%
Edouard
37%
En nesyri
36%
El ghazi
17%
Effenberg
8%
Ekdal
7%
Egan
3%
Aucun quiz correspondant
Distribution des résultats
% des personnes avec chaque résultat
Percentile par nombre de réponses
Votre historique - résultats
Vous n’avez pas pris ce quiz